Statistiken für Quiz zu den heißesten US-Städten

Klicken Sie hier um das Quiz zu spielen!

Allgemein

  • Dieses Quiz wurde 73 mal gespielt
  • Das Durchschnittsergebnis liegt bei 11 aus 23

Antwortstatistiken

° FCity° C% Korrekt
63.7Los Angeles17.6
89%
77.7Miami25.4
86%
69.8Las Vegas21.0
85%
71.1Houston21.7
83%
68.0Dallas20.0
79%
68.7Austin20.4
76%
64.3San Diego17.9
76%
75.6Phoenix24.2
71%
70.3New Orleans21.3
64%
69.1Jacksonville20.6
62%
70.3San Antonio21.3
61%
74.0Tampa23.3
53%
73.3Orlando22.9
50%
66.0El Paso18.9
44%
78.1Honolulu25.6
30%
70.6Tucson21.4
24%
65.3Fresno18.5
23%
63.8Birmingham17.6
18%
72.9Corpus Christi22.7
17%
68.5Baton Rouge20.3
12%
66.5Riverside19.1
12%
66.0Bakersfield18.9
8%
75.0Laredo23.9
3%

Verteilung der Resultate

Perzentil nach korrekt beantworteten Fragen

Anzahl Personen mit jedem Resultat

Ihre Resultats-Entwicklung

Sie haben dieses Quiz noch nicht gespielt